00285nam a2200109Ia 4500008004100000100001900041245005500060250000800115260003200123300000800155650001200163191201s2007 xx 000 0 und d aWATSON,James D 0aRecombinant DNA: Genes and Genomes: A Short Course a3rd aNew YorkbW.H Freemanc2007 a474 aApplied